Current issues on education, economics commerce, agriculture and general / (Record no. 75434)

MARC details
000 -LEADER
fixed length control field 00585nam a22001817a 4500
005 - DATE AND TIME OF LATEST TRANSACTION
control field 20130514115944.0
010 ## - LCCN (DPL NO)
LC control number ENG-107099
020 ## - INTERNATIONAL STANDARD BOOK NUMBER
International Standard Book Number 9789381090343
Terms of availability 500.00
035 ## - SYSTEM CONTROL NUMBER
System control number EN-90632
037 ## - SOURCE OF ACQUISITION
Source of stock number/acquisition DBAD/PUB
082 ## - DEWEY DECIMAL CLASSIFICATION NUMBER
Classification number 330.0954
100 ## - MAIN ENTRY--PERSONAL NAME
Personal name Shreenarayan Balkrishna
245 10 - TITLE STATEMENT
Title Current issues on education, economics commerce, agriculture and general /
Statement of responsibility, etc by Shreenarayan Balkrishna
260 ## - PUBLICATION, DISTRIBUTION, ETC. (IMPRINT)
Place of publication, distribution, etc Haryana
Name of publisher, distributor, etc Shanti Prakashan
Date of publication, distribution, etc 2012
270 ## - ADDRESS
Address 1780, Sector-1, Delhi By-pass
City Rohtak
Postal code 124001
300 ## - PHYSICAL DESCRIPTION
Extent 337p.
Dimensions 22cm(Hb)
942 ## - ADDED ENTRY ELEMENTS (KOHA)
Source of classification or shelving scheme Dewey Decimal Classification
Item type English Books
Call number suffix SHR
Classification part 330.0954
Holdings
Withdrawn status Lost status Not for loan Collection code Home library Current library Date acquired Source of acquisition Cost, normal purchase price Full call number Barcode Copy number Cost, replacement price Koha item type
    Not For Loan Non-fiction D.B.Act.Division D.B.Act.Division 10/05/2013 DBAD/PUB 500.00 330.0954 SHR EN-90632 1 500.00 English Books

© Delhi Public Library
Hit Counter
free hit counter